Girl reporter blows lid off town ! / (Record no. 7412)
[ view plain ]
| 000 -LEADER | |
|---|---|
| fixed length control field | 01050nam a22003137a 4500 |
| 001 - CONTROL NUMBER | |
| control field | 7412 |
| 003 - CONTROL NUMBER IDENTIFIER | |
| control field | FISKH |
| 005 - DATE AND TIME OF LATEST TRANSACTION | |
| control field | 20250714104205.0 |
| 008 - FIXED-LENGTH DATA ELEMENTS--GENERAL INFORMATION | |
| fixed length control field | 250714b cb ||||| |||| 00| 0 eng d |
| 020 ## - INTERNATIONAL STANDARD BOOK NUMBER | |
| International Standard Book Number | 046594004505 |
| 040 ## - CATALOGING SOURCE | |
| Original cataloging agency | FISKH |
| Language of cataloging | eng |
| Transcribing agency | FISKH |
| Modifying agency | FISKH |
| 050 ## - LIBRARY OF CONGRESS CALL NUMBER | |
| Classification number | PZ7.E42845 G |
| 100 ## - MAIN ENTRY--PERSONAL NAME | |
| Personal name | Ellerbee, Linda |
| 245 ## - TITLE STATEMENT | |
| Title | Girl reporter blows lid off town ! / |
| Statement of responsibility, etc. | By Linda Ellerbee |
| 260 ## - PUBLICATION, DISTRIBUTION, ETC. | |
| Place of publication, distribution, etc. | New York : |
| Name of publisher, distributor, etc. | Avon Books , |
| Date of publication, distribution, etc. | 2000. |
| 300 ## - PHYSICAL DESCRIPTION | |
| Extent | 195 pages : |
| Other physical details | illustrations ; |
| Dimensions | 20 cm . |
| 490 ## - SERIES STATEMENT | |
| Series statement | Get Real |
| Volume/sequential designation | 1 |
| 505 ## - FORMATTED CONTENTS NOTE | |
| Formatted contents note | Q <br/> |
| 520 ## - SUMMARY, ETC. | |
| Summary, etc. | Casey Smith, an intrepid eleven-year-old journalist, revives her middle school's defunct newspaper and investigates what looks like an environmental pollution cover-up at the local paper mill. |
| 521 8# - TARGET AUDIENCE NOTE | |
| Target audience note | 660 <br/> |
| Source | Lexile estimate <br/> |
| 521 8# - TARGET AUDIENCE NOTE | |
| Target audience note | Q <br/> |
| Source | Raz-Plus <br/><br/> |
| 650 ## - SUBJECT ADDED ENTRY--TOPICAL TERM | |
| Topical term or geographic name entry element | Journalism |
| Form subdivision | Fiction |
| 650 ## - SUBJECT ADDED ENTRY--TOPICAL TERM | |
| Topical term or geographic name entry element | Newspaper |
| Form subdivision | Fiction |
| 650 ## - SUBJECT ADDED ENTRY--TOPICAL TERM | |
| Topical term or geographic name entry element | Schools |
| Form subdivision | Fiction |
| 650 ## - SUBJECT ADDED ENTRY--TOPICAL TERM | |
| Topical term or geographic name entry element | Pollution |
| Form subdivision | Fiction |
| 700 ## - ADDED ENTRY--PERSONAL NAME | |
| Personal name | Weise, Carla |
| Relator term | Typographer |
| 942 ## - ADDED ENTRY ELEMENTS (KOHA) | |
| Source of classification or shelving scheme | Dewey Decimal Classification |
| Koha item type | Books |
| Suppress in OPAC | No |
| Withdrawn status | Lost status | Source of classification or shelving scheme | Damaged status | Not for loan | Collection | Home library | Current library | Shelving location | Date acquired | Total Checkouts | Full call number | Barcode | Date last seen | Price effective from | Koha item type |
|---|---|---|---|---|---|---|---|---|---|---|---|---|---|---|---|
| Dewey Decimal Classification | Juvenile Fiction | Footprints International School Library Network Toul Tom Poung Campus | Footprints International School Library Network Toul Tom Poung Campus | TTP Primary Orange Bookshelves | 07/14/2025 | ELL PZ7.E42845 G | 2025-1847 | 07/14/2025 | 07/14/2025 | Books |
